Germany True or False? - Statistics

General Stats
  • This quiz has been taken 48,646 times
    48,316 since last reset
  • The average score is 12 of 15
Answer Stats
Question Answer % Correct
There are parts of the Autobahn that have no defined speed limit True
95%
Holocaust denial is a crime in Germany True
91%
Prussia is one of the current states of Germany False
89%
Turks are the largest ethnic group in Germany, other than German True
86%
The headquarters of Adidas and Puma are both located in Germany True
86%
In WWI, German soldiers wore a spiked helmet called a Pickelhaube True
85%
The eastern part of Germany is less densely populated than the west True
83%
The current government of Germany, following reunification in 1990, is known as the "Fifth Reich" False
81%
Germany is larger than France by land area False
79%
Innsbruck is a city in Germany False
78%
The highest mountain in Germany is less than 1000 meters high False
76%
Germany borders the Baltic Sea True
73%
Germany borders Liechtenstein False
71%
Kaiser Wilhelm II was the grandchild of Queen Victoria True
68%
Otto von Bismarck was one of the German emperors False
58%
No matching quizzes found
Score Distribution
Percent of People with Each Score
Percentile by Number Answered
Your Score History
You have not taken this quiz since the last reset